Historias de amor de la historia de Francia

Guardado en:
Bibliografiske detaljer
Hovedforfatter: Breton, Guy
Format: Bog
Sprog:Undetermined
Udgivet: Madrid, España Bruguera 1971
Fag:
Tags: Tilføj Tag
Ingen Tags, Vær først til at tagge denne postø!

MARC

LEADER 00000nam a2200000Ia 4500
008 170316s9999 xx 000 0 und d
040 |a cru BVZT 
090 |a 840 B-29h 
100 |a Breton, Guy 
245 |a Historias de amor de la historia de Francia 
260 |a Madrid, España 
260 |b Bruguera 
260 |c 1971 
300 |a 331 páginas 
650 |a LITERATURA FRANCESA 
999 |c 7516  |d 7516 
942 |c 15 D  |h 840 B-29h  |2 z